Second Language Research Method

Na minha lista:
Detalhes bibliográficos
Formato: Livro
Publicado em: Oxford University Press 1989
Tags: Adicionar Tag
Sem tags, seja o primeiro a adicionar uma tag!
Thư viện lưu trữ: Mạng thư viện Đại học Đà Nẵng
LEADER 00461nam a22001691a 4500
001 000035891
003 12183
005 20160321110946.0
008 160321s1989 000
245 |a Second Language Research Method  |c Herbert W. Seliger and Elana Shohamy 
260 |a Oxford University Press  |c 1989 
OWN |a LNN 
999 |a From the UDN01 
TYP |a Monograph 
980 |a Mạng thư viện Đại học Đà Nẵng